| 000 -LEADER | |
|---|---|
| fixed length control field | 00412nam a22001577a 4500 |
| 005 - DATE AND TIME OF LATEST TRANSACTION | |
| control field | 20250828120458.0 |
| 008 - FIXED-LENGTH DATA ELEMENTS--GENERAL INFORMATION | |
| fixed length control field | 250828b |||||||| |||| 00| 0 eng d |
| 020 ## - INTERNATIONAL STANDARD BOOK NUMBER | |
| ISBN | 978-81-7597-218-6 |
| 041 ## - LANGUAGE CODE | |
| Language code of text/sound track or separate title | eng |
| 082 ## - DEWEY DECIMAL CLASSIFICATION NUMBER | |
| Classification number | 491.2 |
| 100 ## - MAIN ENTRY--AUTHOR NAME | |
| Personal name | PRASANNATMANANDA, SWAMI |
| 245 ## - TITLE STATEMENT | |
| Title | SPEAK SANSKRIT IN 10 DAYS: a short course |
| 260 ## - PUBLICATION, DISTRIBUTION, ETC. (IMPRINT) | |
| Place of publication | MUMBAI |
| Name of publisher | CENTRAL CHINMAYA MISSION TRUST |
| 300 ## - PHYSICAL DESCRIPTION | |
| Number of Pages | 76;P |
| 942 ## - ADDED ENTRY ELEMENTS (KOHA) | |
| Koha item type | Books |
| Lost status | Damaged status | Collection code | Home library | Current library | Date acquired | Source of acquisition | Cost, normal purchase price | Full call number | Accession Number | Koha item type |
|---|---|---|---|---|---|---|---|---|---|---|
| BHARTIYA GYAN PARAMPARA | JRU Library | JRU Library | 28/08/2025 | PURCHASE | 100.00 | 491.2 | 28760 | Books |